Clubs ayant réalisé un triplé - Mort subite - Statistiques

Statistiques générales
  • Ce quiz a été pris 225 fois
  • Le résultat moyen est 3 sur 9
Answers on the Grid
Answers color-coded by a green-red scale on the quiz's grid according to % correct below.
FC Barcelone
Manchester City
Bayern Munich
Inter Milan
Paris Saint-Germain
Manchester United
Celtic Glasgow
Ajax Amsterdam
PSV Eindhoven
Olympique de Marseille
AC Milan
Real Madrid
Liverpool FC
FC Porto
Benfica Lisbonne
Juventus
Chelsea FC
Borussia Dortmund
Atlético de Madrid
Steaua Bucarest
 
Statistiques - réponses
Réponse % Correct
Paris Saint-Germain
63%
FC Barcelone
56%
Bayern Munich
49%
Manchester City
48%
Manchester United
29%
Ajax Amsterdam
24%
Inter Milan
23%
Celtic Glasgow
12%
PSV Eindhoven
11%
Aucun quiz correspondant
Distribution des résultats
% des personnes avec chaque résultat
Percentile par nombre de réponses
Votre historique - résultats
Vous n’avez pas pris ce quiz